00613nam a22001577a 4500008004100000040005500041080001400096245006900110260005700179300001800236650001400254653001800268942001300286999001700299952013900316230328b |||||||| |||| 00| 0 eng d aNational Science LibrarycNational Science Library aR 92 bP3 aContemporary Who's Who c/ American Biographical Institute, Inc. aUSA: bAmerican Biographical Institute, Inc., c2003 alxxiii, 503p. aBiography aMatthias Beck 2udccREF c15850d15850 00102udc406R_92_P3708REF923481aNSLbNSLcGF/RK-23/C-3/R-4d2004-10-18l0oR 92 P3p181647r2023-03-28 00:00:00w2004-10-18yREF